Normal view
MARC view
- Corbitt, Robert A.
Entry Personal Name
001 - CONTROL NUMBER
- control field: 4909
003 - CONTROL NUMBER IDENTIFIER
- control field: NUST
005 - DATE AND TIME OF LATEST TRANSACTION
- control field: 20170922160026.0
008 - FIXED-LENGTH DATA ELEMENTS
- fixed length control field: 170922|| aca||aabn | a|a d
040 ## - CATALOGING SOURCE
- Original cataloging agency: NUST
- Transcribing agency: NUST
100 ## - HEADING--PERSONAL NAME
- Personal name: Corbitt, Robert A.
670 ## - SOURCE DATA FOUND
- Source citation: Work cat.: (NUST)0: Standard handbook of environmental engineering /, c1990.
